| 000 | 00389nam a2200133Ia 4500 | ||
|---|---|---|---|
| 008 | 170221s9999 xx 000 0 und d | ||
| 100 | _aGopal, Gurram | ||
| 245 | _aChallenges in Sourcing and Procurement during an Economic Downturn | ||
| 245 | _cGurram Gopal | ||
| 260 | _c2014 | ||
| 300 | _a3 : 1 | ||
| 650 | _xBusiness | ||
| 856 | _uhttp://www.scienpress.com/Upload/BEJ/Vol%201_1_2.pdf | ||
| 999 |
_c313185 _d313185 |
||